000 00461nam a2200181Ia 4500
005 20250923144430.0
008 008 250917s9999 xx 000 0 eng d
037 _aTextual
040 _aDSWL
_beng
_cDSWL
041 _aeng
_2eng
084 _qDSWL
245 0 _aSample verification of the 1951 Census
_cby IndiaCensus1951
260 _aDelhi
_bManager of Pub
365 _aINR
_b0.8
925 _g0.8
942 _cTEXL
999 _c1438814
_d1438814